[Event "ROM-ch U10 Boys"]
[Site "Voineasa"]
[Date "2008.04.15"]
[Round "5"]
[White "Tomescu, Tudor Gabriel"]
[Black "Botez, Stefan"]
[Result "1/2-1/2"]
[WhiteElo "641"]
[BlackElo "434"]
[PlyCount "85"]
[EventDate "2008.04.08"]
[EventType "swiss"]
[EventRounds "9"]
[EventCountry "ROU"]
[SourceTitle "EXT 2013"]
[Source "ChessBase"]
[SourceDate "2012.11.22"]
[SourceVersion "1"]
[SourceVersionDate "2012.11.22"]
[SourceQuality "1"]

1. e4 c5 2. Nf3 Nc6 3. d4 cxd4 4. Nxd4 d6 5. Nc3 Nf6 6. Bg5 e6 7. Nxc6 bxc6 8. Qd2 Be7 9. 0-0-0 0-0 10. Bc4 Rb8 11. Bb3 a6 12. Bxf6 Bxf6 13. Qxd6 Qxd6 14. Rxd6 c5 15. Na4 Be7 16. Rb6 Rxb6 17. Nxb6 Rd8 18. Nxc8 Rxc8 19. Re1 Rd8 20. g3 h6 21. Rd1 Rxd1+ 22. Kxd1 Bf6 23. c3 a5 24. Kd2 Kf8 25. Kd3 Ke7 26. Kc4 Kd6 27. Kb5 Bd8 28. f4 f6 29. h4 Bc7 30. a3 Bd8 31. Ba2 g6 32. Bb3 Be7 33. Ba2 Bd8 34. b4 cxb4 35. axb4 axb4 36. cxb4 Bc7 37. Ka6 e5 38. Bf7 g5 39. fxg5 hxg5 40. hxg5 fxg5 41. g4 Kd7 42. b5 Bd6 43. b6 1/2-1/2

[Event "ROM-ch U10 Boys"]
[Site "Voineasa"]
[Date "2008.04.14"]
[Round "4"]
[White "Botez, Stefan"]
[Black "Ursu, Razvan Mihai"]
[Result "1/2-1/2"]
[WhiteElo "434"]
[BlackElo "537"]
[PlyCount "50"]
[EventDate "2008.04.08"]
[EventType "swiss"]
[EventRounds "9"]
[EventCountry "ROU"]
[SourceTitle "EXT 2013"]
[Source "ChessBase"]
[SourceDate "2012.11.22"]
[SourceVersion "1"]
[SourceVersionDate "2012.11.22"]
[SourceQuality "1"]

1. e4 e5 2. Nf3 Nc6 3. d4 exd4 4. Nxd4 Bc5 5. Be3 Bb6 6. Nc3 Nf6 7. Bc4 d6 8. Qd2 Bg4 9. f3 Be6 10. Bxe6 fxe6 11. Nxe6 Qe7 12. Nd4 Qe5 13. 0-0-0 0-0-0 14. Nxc6 bxc6 15. f4 Qe6 16. Qd3 Rhe8 17. Bxb6 cxb6 18. Rde1 b5 19. a3 Qc4 20. Qxc4 bxc4 21. g3 Re7 22. Re2 Rde8 23. Rhe1 h6 24. h4 Nh5 25. Rg1 Nf6 1/2-1/2